01002nam a2200277Ia 4500003000400000005001700004006001800021007000300039008004100042024001000083037001100093040001800104041001300122100002700135110009500162245017900257260000900436650001500445700003400460700003600494700003400530700003400564700009500598942001200693999001900705OSt20220930084401.0a|||||r|||| 00| 0ta220926b |||||||| |||| 00| 0 eng d a84131 cTheses aCRLcCRLbeng 2engaeng aThakur Manisha9537558 aUniversity of Delhi. Faculty of Medical Sciences. Department of Medical Physiology9533997 0aEvaluation of autonomic function and psychological profile in patients of chronic low back pain following electroacupuncture therapy b A prospective randomized control trial c2005 aPHYSIOLOGY a Dr. A. K. Saxena Gu.9537559 a Dr. Nilima Shankar Gu.9535962 a Dr. O. P. Tandon Gu.9532802 a Dr. Shobha Arora Gu.9537560 aUniversity of Delhi. Faculty of Medical Sciences. Department of Medical Physiology9533998 cDIS2CC c877133d877133